00277nam a22001097a 4500003000400000005001700004008004100021040000700062082001300069100001100082245007400093OSt20211227100906.0211227b |||||||| |||| 00| 0 eng d cHU a005.1OGS aOgston aAgent Based Matchmaking Clustering A Decentralized Approach To Search